West Bromwich Albion Trivia - Statistics

General Stats
  • This quiz has been taken 42 times
  • The average score is 12 of 17
Answer Stats
Question Answer % Correct
What is West Bromwich Albion’s nickname? The {Baggies}
100%
What is the name of West Bromwich Albion’s stadium? The Hawthorns
97%
With which club does West Bromwich Albion contest the Black Country Derby? Wolverhampton Wanderers
88%
Who is the current captain of West Bromwich Albion? Jed Wallace
82%
Who is the current head coach of West Bromwich Albion? Ryan Mason
82%
Which trio of West Bromwich Albion players became known as "The Three Degrees" for their pioneering role as black footballers in the late 1970s? Cyrille Regis
79%
Which West Bromwich Albion legend is commemorated on gates outside the stadium? Jeff Astle
76%
Which trio of West Bromwich Albion players became known as "The Three Degrees" for their pioneering role as black footballers in the late 1970s? Laurie Cunningham
76%
Which Englishman is West Bromwich Albion’s record appearance-maker with 720? Tony Brown
74%
Which Englishman is West Bromwich Albion’s record goalscorer with 279? Tony Brown
74%
Which West Bromwich Albion captain left the club to join Manchester United for a then-British record fee of £1.5m in 1981? Bryan Robson
62%
Who is West Bromwich Albion’s record signing, arriving from RB Leipzig for £15m in 2017? Oliver Burke
62%
Which trio of West Bromwich Albion players became known as "The Three Degrees" for their pioneering role as black footballers in the late 1970s? Brendon Batson
59%
Which West Bromwich Albion manager guided them to Premier League promotion in 2002 and 2004? Gary Megson
59%
Who is West Bromwich Albion’s record sale, joining Dalian Yifang for £16.5m in 2019? Salomón Rondón
59%
Which team did West Bromwich Albion beat 2-0 on the final day of the 2004/05 season to become the first club in Premier League history to avoid relegation after being bottom at Christmas? Portsmouth
53%
Which club did West Bromwich Albion beat in both the 1888 and 1954 FA Cup Finals? Preston North End
47%
No matching quizzes found
Score Distribution
Percent of People with Each Score
Percentile by Number Answered
Your Score History
You have not taken this quiz